LEADER 01576nam a2200325 u 4500 001 000000040900 003 CaOOAMICUS 005 20070226114143.0 008 980727s1989 it u000 u ita u 020 $a8814019460 035 $a10800779 040 $aMSA$bita$dPUL 041 1 $aita$hger 100 1 $aKelsen, Hans,$d1881-1973.$0(OLS)http://pul/name/933 240 10$aProblem der Souveränität und die Theorie des Völkerrechts.$lItaliano.$0(OLS)http://pul/title/55163 245 13$aIl problema della sovranità e la teoria del diritto internazionale :$bcontributo per una dottrina pura del diritto /$cHans Kelsen ; a cura di Agostino Carrino. 260 $aMilano :$bGiuffrè,$c1989. 300 $axlvi, 475 p. ;$c21 cm 490 1 $aCiviltà del diritto ;$v51 650 4$aSovranità.$0(OLS)http://pul/subject/18457 650 4$aDiritto internazionale.$0(OLS)http://pul/subject/2505 700 1 $aCarrino, Agostino.$0(OLS)http://pul/name/934 830 0$aCiviltà del diritto ;$v51.$0(OLS)http://pul/title/13936 850 $aPUL 852 $aPUL$W1$xDP2 Diritto e Scienze Sociali 3$y110$m340 COLL 4.51$j175575$nBK-PRI$b $qDDC 21$B55494$CPULBib$Z2$F55494 $H85282 $81 941 1 $a9 961 $aPrecedente Collocazione: DCiv 94 51 996 $6020$a8814019460$9(OLS)http://pul/number/50809 996 $6245$aIl problema della sovranità e la teoria del diritto internazionale :$bcontributo per una dottrina pura del diritto$9(OLS)http://pul/title/55164 996 $6260$aMilano :$bGiuffrè$9(OLS)http://pul/publisher/48401 LEADER 01755nam a2200385 a 4500 001 000000149406 003 CaOOAMICUS 005 20160310153348.0 008 160215s2012 it u000 u ita r 020 $a978-88-215-7479-5* 032 $aLibriCat 040 $aPUL$bita 041 1 $aita$aheb 082 04$a224 130 0 $aBiblia.$pV.T.$pAbdias.$0(OLS)http://pul/title/96582 245 10$aAbdia, Giona, Michea /$cintroduzione, traduzione e commento a cura di Donatella Scaiola. 260 $aCinisello Balsamo :$bSan Paolo,$c2012. 300 $a167 p. ;$c22 cm. 490 1 $aNuova versione della Bibbia dai testi antichi ;$v15 546 $aTesto in ebraico con traduzione italiana, introduzione e commento in italiano. 630 04$aBiblia.$pV.T.$pMichaeas$xCommenti.$0(OLS)http://pul/subject/630 630 04$aBiblia.$pV.T.$pIonas$xCommenti.$0(OLS)http://pul/subject/632 630 04$aBiblia.$pV.T.$pAbdias$xCommenti.$0(OLS)http://pul/subject/631 700 1 $aScaiola, Donatella,$d1958-$0(OLS)http://pul/name/48414 730 02$aBiblia.$pV.T. $pIonas.$0(OLS)http://pul/title/188362 730 02$aBiblia. $pV.T.$pMichaeas.$0(OLS)http://pul/title/189405 830 0$aNuova versione della Bibbia dai testi antichi ;$v15.$0(OLS)http://pul/title/156526 850 $aPUL 852 $aPUL$W1$xSL Religione 3$y85$m224 SCADO 2$j172051$qDDC 21$B173669$CPULBib$Z2$F173669 $H127051 $81 941 1 $a9 996 $6020$a978-88-215-7479-5*$9(OLS)http://pul/number/159690 996 $6082$a224$9(OLS)http://pul/classification/484 996 $6245$aAbdia, Giona, Michea$9(OLS)http://pul/title/188364 996 $6260$aCinisello Balsamo :$bSan Paolo$9(OLS)http://pul/publisher/54577